Geography Quiz

Random Geography or City Quiz

10th biggest city in FRANCE Quiz Stats

 Plays Quiz not verified by Sporcle

Also try: 'E' in Geography
Challenge
Share
Tweet
Score 0/10 Timer 05:00
0 Plays Today
% Correct
Paris
100%
Marseille
97.9%
Lyon
93.6%
Toulouse
89.4%
Nice
87.2%
Bordeaux
87.2%
Strasbourg
85.1%
Nantes
74.5%
Montpellier
68.1%
Rennes
63.8%

You're not logged in!

Compare scores with friends on all Sporcle quizzes.
Join for Free
OR
Log In

You Might Also Like...

Show Comments

Extras

Created Dec 31, 2012ReportNominate
Tags:City Quiz, biggest

Top Quizzes Today


Score Distribution

Your Account Isn't Verified!

In order to create a playlist on Sporcle, you need to verify the email address you used during registration. Go to your Sporcle Settings to finish the process.

Report this User

Report this user for behavior that violates our Community Guidelines.

Details: